| 000 -LEADER |
| fixed length control field |
03173cam a22004214a 4500 |
| 001 - CONTROL NUMBER |
| control field |
13486796 |
| 003 - CONTROL NUMBER IDENTIFIER |
| control field |
NUST |
| 005 - DATE AND TIME OF LATEST TRANSACTION |
| control field |
20191023110319.0 |
| 008 - FIXED-LENGTH DATA ELEMENTS--GENERAL INFORMATION |
| fixed length control field |
040210s2004 enka b 001 0 eng |
| 010 ## - LIBRARY OF CONGRESS CONTROL NUMBER |
| LC control number |
2004002463 |
| 020 ## - INTERNATIONAL STANDARD BOOK NUMBER |
| International Standard Book Number |
1844070867 (alk. paper) |
| 038 ## - RECORD CONTENT LICENSOR |
| Staff Name |
MSOHAIL |
| 040 ## - CATALOGING SOURCE |
| Original cataloging agency |
DLC |
| Transcribing agency |
DLC |
| Modifying agency |
DLC |
| 042 ## - AUTHENTICATION CODE |
| Authentication code |
pcc |
| 043 ## - GEOGRAPHIC AREA CODE |
| Geographic area code |
a-cc--- |
| 050 00 - LIBRARY OF CONGRESS CALL NUMBER |
| Classification number |
HC430.E44 |
| Item number |
C66 2004 |
| 082 00 - DEWEY DECIMAL CLASSIFICATION NUMBER |
| Classification number |
307.14120951 |
| Edition number |
22 |
| 245 00 - TITLE STATEMENT |
| Title |
Community participation in China : |
| Remainder of title |
issues and processes for capacity building / |
| Statement of responsibility, etc. |
edited by Janelle Plummer and John G. Taylor. |
| 260 ## - PUBLICATION, DISTRIBUTION, ETC. |
| Place of publication, distribution, etc. |
London ; |
| -- |
Sterling, VA : |
| Name of publisher, distributor, etc. |
Earthscan, |
| Date of publication, distribution, etc. |
2004. |
| 300 ## - PHYSICAL DESCRIPTION |
| Extent |
xxv, 358 p. : |
| Other physical details |
ill. ; |
| Dimensions |
24 cm. |
| 500 ## - GENERAL NOTE |
| General note |
"Research for DFID, Department for International Development." |
| 500 ## - GENERAL NOTE |
| General note |
"G H K." |
| 504 ## - BIBLIOGRAPHY, ETC. NOTE |
| Bibliography, etc. note |
Includes bibliographical references (p. [345]-349) and index. |
| 505 0# - FORMATTED CONTENTS NOTE |
| Formatted contents note |
Introduction / Janelle Plummer -- Understanding community participation in China -- The context of community participation in China / John G. Taylor -- The characteristics of community participation in China / Janelle Plummer and John G. Taylor -- Key factors and processes affecting participation / Janelle Plummer and John G. Taylor -- The experience of community participation in China : the case studies -- Enhancing community participation : participatory forestry management in China / Liu Jinlong, Wu Junqi, Yuan Juanwen, and Zhou Pidong -- Building capacity within communities : participatory natural resource management in Southwest China / Ren Xiaodong, Zhao Yaqiao, Su Yufang, and Xu Wei -- Building government capacity : the collaborative Hengxian integrated approach to rural reconstruction / Zhang Lanying -- Participatory resettlement : key issues and processes in the cases of Xiaolongdi and Hexi / Chen Shaojun, Shi Guoqing, Zhu Wenlong and Xu Jiajun -- Participatory irrigation management : promoting community-based water user associations in the Piyuan canal rehabilitation project / Li Ou, Tim Zachernuk and Han Yong -- Towards sustainable village poverty reduction : the development of the county poverty alleviation planning (CPAP) approach / Li Xiaoyun and Joe Remenyi -- Capacity building for enhancing community participation -- Enhancing local government capacity for community participation / Janelle Plummer and Joe Remenyi. |
| 650 #0 - SUBJECT ADDED ENTRY--TOPICAL TERM |
| Topical term or geographic name entry element |
Economic development projects |
| Geographic subdivision |
China |
| General subdivision |
Citizen participation. |
| 9 (RLIN) |
24590 |
| 650 #0 - SUBJECT ADDED ENTRY--TOPICAL TERM |
| Topical term or geographic name entry element |
Rural development |
| Geographic subdivision |
China |
| General subdivision |
Citizen participation. |
| 9 (RLIN) |
24591 |
| 650 #0 - SUBJECT ADDED ENTRY--TOPICAL TERM |
| Topical term or geographic name entry element |
Community organization |
| Geographic subdivision |
China. |
| 9 (RLIN) |
24592 |
| 650 #0 - SUBJECT ADDED ENTRY--TOPICAL TERM |
| Topical term or geographic name entry element |
Community development |
| Geographic subdivision |
China. |
| 9 (RLIN) |
24593 |
| 650 #0 - SUBJECT ADDED ENTRY--TOPICAL TERM |
| Topical term or geographic name entry element |
Local government |
| Geographic subdivision |
China. |
| 9 (RLIN) |
24594 |
| 700 1# - ADDED ENTRY--PERSONAL NAME |
| Personal name |
Plummer, Janelle. |
| 9 (RLIN) |
24595 |
| 700 1# - ADDED ENTRY--PERSONAL NAME |
| Personal name |
Taylor, John G., |
| Dates associated with a name |
1947- |
| 9 (RLIN) |
24596 |
| 710 1# - ADDED ENTRY--CORPORATE NAME |
| Corporate name or jurisdiction name as entry element |
Great Britain. |
| Subordinate unit |
Department for International Development. |
| 9 (RLIN) |
24597 |
| 710 2# - ADDED ENTRY--CORPORATE NAME |
| Corporate name or jurisdiction name as entry element |
GHK Consulting. |
| 9 (RLIN) |
24598 |
| 856 41 - ELECTRONIC LOCATION AND ACCESS |
| Materials specified |
Table of contents |
| Uniform Resource Identifier |
<a href="http://www.loc.gov/catdir/toc/ecip0414/2004002463.html">http://www.loc.gov/catdir/toc/ecip0414/2004002463.html</a> |
| 906 ## - LOCAL DATA ELEMENT F, LDF (RLIN) |
| a |
7 |
| b |
cbc |
| c |
orignew |
| d |
1 |
| e |
ecip |
| f |
20 |
| g |
y-gencatlg |
| 942 ## - ADDED ENTRY ELEMENTS (KOHA) |
| Source of classification or shelving scheme |
|
| Koha item type |
Book |